[Event "game"]
[Site "http://www.queenalice.com/game.php?id=448278"]
[Date "2008.8.13"]
[Round "-"]
[White "spawnwolfwolverine"]
[Black "wormrose"]
[Result "0-1"]
[WhiteElo "1570"]
[BlackElo "1605"]

1. c4 b6 2. d3 d6 3. e4 g6 4. Nf3 h6 5. Be2 Bg7 6. O-O Bb7 7. Nc3 a6 8. a3 e6 9.
Bd2 Ne7 10. b4 Nd7 11. Rb1 O-O 12. a4 Bxc3 13. Bxc3 e5 14. b5 a5 15. Qc2 Kh7 16.
h3 f5 17. exf5 Nxf5 18. Nh2 Qh4 19. Bg4 Qg5 20. Bxf5 Qxg2# 0-1

[Event "game"]
[Site "http://www.queenalice.com/game.php?id=451166"]
[Date "2008.8.20"]
[Round "-"]
[White "ahmadov"]
[Black "wormrose"]
[Result "1-0"]
[WhiteElo "1815"]
[BlackElo "1630"]

1. e4 d6 2. d4 g6 3. Nf3 h6 4. Nc3 a6 5. Bd3 e6 6. O-O Ne7 7. Re1 Bg7 8. e5 d5
9. Be3 O-O 10. Qd2 Kh7 11. Ne2 f5 12. exf6 Bxf6 13. Bxh6 Bg7 14. Bxg7 Kxg7 15.
Nf4 Qe8 16. Ng5 Nd7 17. Nfxe6+ Kg8 18. Nxc7 1-0

[Event "game"]
[Site "http://www.queenalice.com/game.php?id=470659"]
[Date "2008.9.30"]
[Round "-"]
[White "DALECIO_RAZIEL"]
[Black "wormrose"]
[Result "0-1"]
[WhiteElo "1329"]
[BlackElo "1616"]

1. e4 g6 2. d4 Bg7 3. e5 d6 4. Bb5+ Nd7 5. Bxd7+ Qxd7 6. f4 dxe5 7. fxe5 Qd5 8.
Nc3 Qxg2 9. Qf3 Qxc2 10. h3 Qf5 11. Qxf5 Bxf5 12. Nd5 O-O-O 13. Nxc7 Rxd4 14.
Nb5 Re4+ 15. Ne2 Kb8 16. Bf4 Bxe5 17. Bg5 h6 18. Bd2 Nf6 19. O-O Rxe2 20. Rf2
Rxf2 21. Kxf2 Bxh3 22. Rc1 Bd7 23. Nc3 Bc6 24. b4 Bxc3 25. Bxc3 Ne4+ 0-1

[Event "game"]
[Site "http://www.queenalice.com/game.php?id=471551"]
[Date "2008.10.2"]
[Round "-"]
[White "Abstro"]
[Black "wormrose"]
[Result "0-1"]
[WhiteElo "1503"]
[BlackElo "1602"]

1. d4 d6 2. e4 g6 3. b3 Bg7 4. Bb2 c5 5. c4 Nd7 6. Nf3 e6 7. Be2 b6 8. O-O Bb7
9. Qd3 Ne7 10. Nbd2 h6 11. Rab1 O-O 12. d5 e5 13. Ne1 Nf6 14. f4 Nh7 15. f5 g5
16. Bh5 Nf6 17. Qe2 a5 18. a4 Bc8 19. h3 Bd7 20. Bf3 Kh7 21. Qe3 Rb8 22. Ra1 Bc8
23. g4 Bb7 24. Ng2 Nd7 25. h4 Bf6 26. hxg5 Bxg5 27. Qf2 f6 28. Nh4 Bxd2 29. Qxd2
Rh8 30. Kg2 Qg8 31. Kh3 Nf8 32. Ng2 Kg7 33. Ne3 Nh7 34. Rh1 Ng5+ 35. Kg3 Nxf3
36. Kxf3 Kf7 0-1

[Event "game"]
[Site "http://www.queenalice.com/game.php?id=474440"]
[Date "2008.10.8"]
[Round "-"]
[White "spawnwolfwolverine"]
[Black "wormrose"]
[Result "1-0"]
[WhiteElo "1696"]
[BlackElo "1623"]

1. c4 d6 2. d3 g6 3. e4 Bg7 4. Nf3 h6 5. Be2 b6 6. O-O Nd7 7. Nc3 a6 8. a3 e6 9.
Bd2 Ne7 10. Rb1 Bb7 11. b4 O-O 12. a4 c5 13. b5 axb5 14. axb5 Kh7 15. h3 f5 16.
exf5 Nxf5 17. Nh2 Bxc3 18. Bxc3 Qg5 19. Bg4 Nh4 20. g3 Rf7 21. gxh4 1-0

[Event "game"]
[Site "http://www.queenalice.com/game.php?id=482236"]
[Date "2008.10.24"]
[Round "-"]
[White "jolomol"]
[Black "wormrose"]
[Result "1-0"]
[WhiteElo "1959"]
[BlackElo "1605"]

1. e4 g6 2. d4 Bg7 3. Nc3 d6 4. f4 a6 5. Nf3 b5 6. a3 Bb7 7. Qd3 e6 8. Be2 Ne7
9. O-O Nd7 10. b4 c5 11. Be3 O-O 12. Rfd1 c4 13. Qd2 Nf6 14. e5 dxe5 15. fxe5
Ne4 16. Nxe4 Bxe4 17. Ng5 Bb7 18. Bf3 Bxf3 19. Nxf3 Nf5 20. Bf2 h6 21. Qe1 Qd5
22. Bh4 Rad8 23. Bxd8 Rxd8 24. a4 1-0

[Event "game"]
[Site "http://www.queenalice.com/game.php?id=535901"]
[Date "2009.2.6"]
[Round "-"]
[White "wormrose"]
[Black "spawnwolfwolverine"]
[Result "1-0"]
[WhiteElo "1598"]
[BlackElo "1571"]

1. f4 f5 2. b3 e6 3. e3 d5 4. Nf3 b6 5. Ne5 Bb7 6. d4 Nc6 7. Qh5+ g6 8. Nxg6
hxg6 9. Qxg6+ Kd7 10. Qg3 Qh4 11. Qxh4 Rxh4 12. Bb5 Nf6 13. O-O a6 14. Bxc6+
Bxc6 15. Nd2 Ne4 16. Nf3 Rg4 17. Ne5+ Kd6 18. Nxg4 fxg4 19. f5 exf5 20. Ba3+ Ke6
21. Bxf8 Rxf8 22. Rf4 Bb5 23. a4 Be8 24. h3 Bh5 25. h4 c5 26. Rd1 g3 27. Rc1
cxd4 28. exd4 b5 29. c4 bxc4 30. bxc4 dxc4 31. Rxc4 Kd5 32. Rb4 Rc8 33. Rxf5+
Ke6 34. Re5+ Kf7 35. Rf5+ Kg6 36. Rf1 Nf2 37. Rb3 Rd8 38. Rxg3+ Ng4 39. Rf4 a5
40. Rgxg4+ Bxg4 41. Rxg4+ Kh5 42. Re4 Rd6 43. g3 Rd7 44. Kg2 Rd6 45. Kh3 Kg6 46.
Kg4 Kh6 47. h5 Rd5 48. Rf4 Rg5+ 49. Kh3 Rxh5+ 50. Rh4 Rxh4+ 51. Kxh4 Kg6 52. Kg4
Kf6 53. Kf4 Ke6 54. Ke4 Kd6 55. g4 Ke6 56. g5 Kf7 57. Ke5 Kg7 58. Ke6 Kg6 59. d5
Kxg5 60. d6 Kf4 61. d7 Ke4 62. d8=Q Kf4 63. Qd5 Kg4 64. Qf5+ Kg3 65. Ke5 Kg2 66.
Ke4 Kg3 67. Qf3+ Kh2 68. Qg4 Kh1 69. Kf3 Kh2 70. Qg2# 1-0

[Event "game"]
[Site "http://www.queenalice.com/game.php?id=544628"]
[Date "2009.2.22"]
[Round "-"]
[White "wormrose"]
[Black "dladuke7"]
[Result "0-1"]
[WhiteElo "1617"]
[BlackElo "1614"]

1. f4 d5 2. b3 Nf6 3. e3 Bf5 4. Nf3 Nc6 5. Be2 Nb4 6. d3 e6 7. a3 Nc6 8. Bb2 Ng4
9. Qd2 Bc5 10. O-O Bxe3+ 0-1

[Event "game"]
[Site "http://www.queenalice.com/game.php?id=587140"]
[Date "2009.5.12"]
[Round "-"]
[White "wormrose"]
[Black "Wilson"]
[Result "0-1"]
[WhiteElo "1615"]
[BlackElo "1606"]

1. f4 d5 2. b3 c5 3. e3 Nf6 4. Nf3 Nc6 5. Bb5 e6 6. Ne5 Bd6 7. Nxc6 bxc6 8.
Bxc6+ Bd7 9. Bxa8 Qxa8 10. Bb2 O-O 11. Bxf6 d4 12. Qg4 g6 13. Qg5 Rc8 14. Qh6
Bf8 15. Qh3 Qc6 16. Na3 e5 17. Qf3 Qxf6 18. O-O-O a6 19. Qb7 Qe6 20. Qe4 Bc6 21.
Qd3 e4 22. Qxa6 d3 23. Kb2 Qf6+ 24. c3 Ra8 25. Qc4 Ra5 26. g4 Qd8 27. b4 Qb8 28.
h4 Qa8 29. Qb3 Ba4 30. Nc4 Bxb3 31. Nxa5 Bxd1 32. Rxd1 cxb4 33. Nb3 Qa3+ 34. Kb1
Bg7 35. Rc1 bxc3 36. dxc3 d2 0-1

[Event "game"]
[Site "http://www.queenalice.com/game.php?id=706026"]
[Date "2009.12.30"]
[Round "-"]
[White "wormrose"]
[Black "yodamari"]
[Result "1-0"]
[WhiteElo "1606"]
[BlackElo "1877"]

1. f4 c5 2. b3 Nc6 3. Bb2 d6 4. Nf3 Bf5 5. e3 Nf6 6. Bd3 Bxd3 7. cxd3 Nb4 8. Bc3
Nxd3+ 9. Ke2 Nb4 10. Bxb4 cxb4 11. d3 e5 12. Re1 exf4 13. exf4 Be7 14. Kf1 O-O
15. Nbd2 Nd5 16. Rc1 Nxf4 17. Nc4 Bg5 18. Ne3 Bf6 19. Rc4 Ng6 20. Nd5 Ne5 21.
Rxb4 Qa5 22. Nxf6+ gxf6 23. Ra4 Qb5 24. Nxe5 dxe5 25. Qg4+ Kh8 26. Qf5 Qc6 27.
Rh4 h6 28. Rxh6+ Kg7 29. Qh7# 1-0

[Event "game BA"]
[Site "http://www.queenalice.com/game.php?id=706146"]
[Date "2009.12.31"]
[Round "-"]
[White "wormrose"]
[Black "shmurtz91"]
[Result "0-1"]
[WhiteElo "1644"]
[BlackElo "1958"]

1. f4 d6 2. b3 e5 3. d3 Nf6 4. Bb2 exf4 5. Nf3 Nc6 6. Nc3 Bg4 7. Qd2 Bxf3 8.
exf3 Qe7+ 9. Ne2 Nd5 10. O-O-O Ne3 11. Re1 d5 12. Nxf4 Qc5 13. Rxe3+ Be7 14.
Bxg7 Rg8 15. Nh5 Rxg7 16. Nf6+ Kd8 17. Qe1 Nb4 18. c4 Rg6 19. a3 Na2+ 20. Kc2
Rxf6 21. b4 Qd4 22. Kb3 Nc1+ 23. Kc2 Nxd3 24. Bxd3 dxc4 25. Bxh7 Qd7 26. Qd1 Rd6
27. Qe2 Bg5 28. Bf5 Qxf5+ 29. Re4 Rd2+ 30. Qxd2+ Bxd2 31. Kxd2 c6 32. Rd4+ Kc7
33. Re1 Rg8 34. Re2 Qb1 35. Ke3 Qg1+ 0-1

[Event "game"]
[Site "http://www.queenalice.com/game.php?id=724708"]
[Date "2010.2.2"]
[Round "-"]
[White "wormrose"]
[Black "LukeKovacs"]
[Result "1-0"]
[WhiteElo "1603"]
[BlackElo "1284"]

1. f4 e6 2. b3 Be7 3. Bb2 Bf6 4. d4 Bh4+ 5. g3 b6 6. Nf3 Be7 7. c4 Nh6 8. d5 Bb7
9. Bg2 Ng4 10. Qd3 Bc5 11. Bd4 Qe7 12. Nbd2 exd5 13. O-O-O 1-0

[Event "game"]
[Site "http://www.queenalice.com/game.php?id=762094"]
[Date "2010.4.16"]
[Round "-"]
[White "wormrose"]
[Black "spawnwolfwolverine"]
[Result "1-0"]
[WhiteElo "1652"]
[BlackElo "1544"]

1. Nf3 d5 2. c4 dxc4 3. e3 e6 4. Bxc4 Nf6 5. d4 Bb4+ 6. Nc3 Bxc3+ 7. bxc3 O-O 8.
Ba3 Re8 9. Qb3 Nc6 10. O-O a6 11. Rfd1 b5 12. Bd3 Bb7 13. Bc5 e5 14. dxe5 Nxe5
15. Bxh7+ Kxh7 16. Rxd8 Nxf3+ 17. gxf3 Raxd8 18. Qc2+ g6 19. Qe2 Nd5 20. Rc1 f5
21. Bd4 f4 22. e4 Nb6 23. Bxb6 cxb6 24. Rd1 Rxd1+ 25. Qxd1 Re7 26. Qd6 Rg7 27.
Qxf4 a5 28. Qh4+ Kg8 29. Qd8+ Kh7 30. Qxb6 b4 31. Qxa5 bxc3 32. Qxc3 g5 33. Qe3
g4 34. f4 Re7 35. Qc5 Rxe4 36. Qc7+ Kh6 37. Qxb7 Rxf4 38. Qc6+ Kg5 39. Qc1 g3
40. hxg3 Kh5 41. Qxf4 Kg6 42. Kh2 Kg7 43. Kh3 Kg6 44. Kh4 Kg7 45. Kh5 Kg8 46.
Kg6 Kh8 47. Qf8# 1-0

[Event "game"]
[Site "http://www.queenalice.com/game.php?id=776499"]
[Date "2010.5.16"]
[Round "-"]
[White "wormrose"]
[Black "sioux"]
[Result "1-0"]
[WhiteElo "1634"]
[BlackElo "1641"]

1. Nf3 c5 2. c4 d6 3. d4 Nd7 4. Nc3 Ngf6 5. e3 b6 6. Be2 g6 7. b3 Bg7 8. Bb2 O-O
9. Qc2 cxd4 10. Nxd4 Bb7 11. O-O e5 12. Ndb5 a6 13. Nxd6 Rb8 14. Nxb7 Rxb7 15.
Rad1 a5 16. Nb5 Qe7 17. Bf3 e4 18. Bxf6 Nxf6 19. Be2 Nd7 20. Nd6 Rbb8 21. Qxe4
Qxe4 22. Nxe4 Nc5 23. Nxc5 bxc5 24. Rd5 Rfc8 25. Rfd1 h5 26. R1d3 Kh7 27. Rd7
Kg8 28. Ra7 Rd8 29. Rxd8+ Rxd8 30. Rxa5 Bf8 31. a3 Bd6 32. g3 Kg7 33. Bf3 f5 34.
Bd5 Be5 35. Rxc5 Bb2 36. Rc7+ Kh6 37. Ra7 Kg5 38. b4 Rd6 39. b5 h4 40. Ra6 Rd8
41. f4+ Kg4 42. Rxg6+ Kh5 43. Rg5+ Kh6 44. Rxf5 Bxa3 45. g4 Bc1 46. e4 Ra8 47.
Bxa8 Bd2 48. Rh5+ Kg6 49. f5+ 1-0

[Event "game"]
[Site "http://www.queenalice.com/game.php?id=779709"]
[Date "2010.5.23"]
[Round "-"]
[White "wormrose"]
[Black "Panzer85"]
[Result "0-1"]
[WhiteElo "1649"]
[BlackElo "1666"]

1. Nf3 d5 2. c4 c6 3. e3 Nf6 4. Nc3 e6 5. b3 Nbd7 6. Bb2 Qa5 7. Bd3 Nc5 8. Qc2
Bd6 9. Nd4 Ng4 10. f4 e5 11. Nf5 Bxf5 12. Bxf5 Qd8 13. O-O h5 14. Rf3 e4 15. Rh3
Nf6 16. d4 exd3 17. Bxd3 Nxd3 18. Qxd3 O-O 19. cxd5 Bc5 20. Kh1 Re8 21. Re1 g6
22. Nd1 Ng4 23. Bc1 cxd5 24. f5 Bxe3 25. Bd2 Bf2 26. Rxe8+ Qxe8 27. Ne3 Rc8 28.
Nf1 Rd8 29. fxg6 fxg6 30. Bg5 Rd7 31. Bh4 a6 32. Qd2 Rf7 33. Qxd5 Bxh4 34. Rxh4
Qe1 35. Qd8+ Kg7 36. Qd4+ Kh7 0-1

[Event "game"]
[Site "http://www.queenalice.com/game.php?id=794959"]
[Date "2010.6.26"]
[Round "-"]
[White "wormrose"]
[Black "spawnwolfwolverine"]
[Result "0-1"]
[WhiteElo "1664"]
[BlackElo "1578"]

1. Nf3 d6 2. d4 e6 3. e4 b6 4. Bb5+ Bd7 5. Qd3 Nf6 6. Bxd7+ Qxd7 7. O-O Be7 8.
Be3 O-O 9. Nc3 c5 10. Ne2 cxd4 11. Nexd4 e5 12. Nf5 Nc6 13. a3 g6 14. Nh6+ Kg7
15. h3 a5 16. Nh2 Nh5 17. N6g4 g5 0-1